| 000 | 00481cam a22001337a 4500 | ||
|---|---|---|---|
| 008 | 180718b1979 xxu||||| |||| 00| 0 eng d | ||
| 082 | _aZ75x5434 In | ||
| 100 | _aBhattacharya, Mohit | ||
| 245 |
_aCoordination in rural electrification programme _cby Mohit Bhattacharya |
||
| 260 |
_aNew Delhi _bIndian Institute of Public Administration _c1979 |
||
| 300 | _a146p | ||
| 650 | _aElectric service, Rural - India - Rajasthan | ||
| 700 | _aIndia. Indian Institute of Public Administration | ||
| 999 |
_c499489 _d499489 |
||